[Event "Pardubice Open A"]
[Site "?"]
[Date "2015.07.30"]
[Round "7.30"]
[White "WESTERBERG, Jonathan"]
[Black "SHEVCHENKO, Kirill"]
[Result "1/2-1/2"]
[WhiteElo "2452"]
[BlackElo "2270"]
[PlyCount "169"]
[EventDate "2015.??.??"]
[WhiteClock "0:31:16"]
[BlackClock "0:03:12"]

1. e4 c5 2. d3 d6 3. g3 g6 4. Bg2 Bg7 5. f4 Nc6 6. Nf3 e6 7. O-O Nge7 8. c3 O-O
9. Be3 b6 10. d4 cxd4 11. cxd4 d5 12. e5 Qd7 13. g4 Ba6 14. Rf2 Rac8 15. Nc3
Na5 16. Nh4 Nc4 17. Bc1 f5 18. exf6 Bxf6 19. Nf3 Bg7 20. Ne2 Nd6 21. Ne5 Qc7
22. Ng3 Bxe5 23. dxe5 Ne4 24. Nxe4 dxe4 25. Bxe4 Bb7 26. Bxb7 Qxb7 27. Qb3 Qd5
28. Bd2 Rc4 29. Raf1 Rd4 30. Qxd5 Nxd5 31. h3 Re4 32. Kg2 Rc8 33. Rc1 Rxc1 34.
Bxc1 Rc4 35. Rf1 Rc2+ 36. Kg3 Kf7 37. a3 a5 38. Rd1 Re2 39. Bd2 Re4 40. Kf3 Rd4
41. Ke2 a4 42. Rc1 h5 43. Rc8 hxg4 44. hxg4 Ke7 45. Rb8 Kf7 46. Rb7+ Kf8 47.
Kd1 Rc4 48. Bc1 Ke8 49. Rg7 Ne7 50. Bd2 Kf8 51. Rh7 Nd5 52. Rd7 Nxf4 53. Rd6
Kf7 54. Rxb6 Nd3 55. Rb7+ Ke8 56. g5 Nxe5 57. b4 axb3 58. Rxb3 Kd7 59. Bc3 Nf7
60. Bf6 Rc5 61. Rb7+ Rc7 62. Rb8 Rc5 63. Rb7+ Rc7 64. Rb5 Kc6 65. Rb8 Rd7+ 66.
Kc2 Rd5 67. Rg8 Nxg5 68. Rxg6 Ne4 69. Be7 Nc5 70. Bg5 Kb5 71. Be3 Re5 72. Bd4
Re2+ 73. Kd1 Re4 74. Bc3 Kc4 75. Bd2 Nd3 76. Rg8 Kb3 77. Rb8+ Kxa3 78. Kc2 Nb4+
79. Bxb4+ Rxb4 80. Re8 Rc4+ 81. Kd3 Rc6 82. Kd4 Kb3 83. Ke5 Kc4 84. Rxe6 Rxe6+
85. Kxe6 1/2-1/2

[Event "Pardubice Open A"]
[Site "?"]
[Date "2015.07.30"]
[Round "7.31"]
[White "LOMASOV, Semen"]
[Black "MALAKHOV, Igor"]
[Result "1-0"]
[WhiteElo "2342"]
[BlackElo "2440"]
[PlyCount "133"]
[EventDate "2015.??.??"]
[WhiteClock "0:17:03"]
[BlackClock "0:38:30"]

1. d4 d5 2. Nf3 Nf6 3. Bg5 e6 4. e3 Be7 5. Bd3 O-O 6. O-O c5 7. c3 b6 8. Nbd2
Bb7 9. Ne5 Nbd7 10. f4 Ne4 11. Nxe4 dxe4 12. Bxe7 Qxe7 13. Nxd7 Qxd7 14. Be2
Rfd8 15. Qb3 cxd4 16. cxd4 Bd5 17. Qa3 a5 18. Rfc1 Rdc8 19. b3 h6 20. Rxc8+
Rxc8 21. Rc1 Rxc1+ 22. Qxc1 a4 23. Qc2 axb3 24. axb3 Qa7 25. Bc4 Qa1+ 26. Kf2
g6 27. Bxd5 exd5 28. f5 gxf5 29. Qc8+ Kg7 30. Qxf5 Qb2+ 31. Kg3 Qxb3 32. Qg4+
Kf8 33. Qc8+ Ke7 34. Qc7+ Ke6 35. Qc6+ Kf5 36. Kh4 Qd1 37. Qxd5+ Kf6 38. Qe5+
Kg6 39. Qxe4+ Kf6 40. Qf4+ Ke7 41. Qxh6 Qe1+ 42. Kh3 b5 43. Qg5+ f6 44. Qc5+
Kf7 45. d5 b4 46. Qb6 Qd2 47. Qe6+ Kg6 48. d6 b3 49. Qxb3 Qxd6 50. Qg8+ Kh6 51.
Qg4 Qa6 52. Kg3 Qa1 53. Qf4+ Kg6 54. h4 Qh1 55. Qg4+ Kf7 56. Qd7+ Kg6 57. h5+
Kh6 58. Qg4 Qe1+ 59. Kh2 Qb1 60. e4 Qb8+ 61. Kh3 Qb3+ 62. Kh4 Qf7 63. Qg6+ Qxg6
64. hxg6 Kxg6 65. Kg4 Kf7 66. Kf5 Kg7 67. g3 1-0

[Event "Pardubice Open A"]
[Site "?"]
[Date "2015.07.30"]
[Round "7.32"]
[White "MINDLIN, Alon"]
[Black "SUNDARARAJAN, Kidambi"]
[Result "1/2-1/2"]
[WhiteElo "2310"]
[BlackElo "2433"]
[PlyCount "82"]
[EventDate "2015.??.??"]
[WhiteClock "0:13:25"]
[BlackClock "0:04:06"]

1. d4 e6 2. c4 f5 3. g3 Nf6 4. Bg2 Bb4+ 5. Bd2 Bxd2+ 6. Qxd2 O-O 7. Nc3 d6 8.
Nf3 Qe7 9. O-O c6 10. Rae1 d5 11. Qc2 Ne4 12. Ne5 Nd7 13. Nxe4 Nxe5 14. Nd2 Ng4
15. e3 Qg5 16. Qb3 Qh5 17. Nf3 Qe8 18. Nd2 Qd8 19. f3 Nf6 20. cxd5 exd5 21. e4
Qb6 22. Qc3 fxe4 23. fxe4 Be6 24. e5 Nd7 25. Nb3 Rxf1+ 26. Rxf1 Rf8 27. Rxf8+
Kxf8 28. a4 Kg8 29. a5 Qc7 30. Qb4 Kf7 31. Qc3 b6 32. axb6 axb6 33. Nc1 c5 34.
Nd3 Qa7 35. h4 Qa4 36. dxc5 d4 37. Qc1 Nxc5 38. Nxc5 bxc5 39. Qxc5 Qa1+ 40. Kh2
Qxb2 41. Qc7+ Kf8 1/2-1/2

[Event "Pardubice Open A"]
[Site "?"]
[Date "2015.07.30"]
[Round "7.33"]
[White "ALI MARANDI, Cemil Can"]
[Black "CHUDINOVSKIKH, Alexander M"]
[Result "1-0"]
[WhiteElo "2431"]
[BlackElo "2257"]
[PlyCount "39"]
[EventDate "2015.??.??"]
[WhiteClock "0:47:25"]
[BlackClock "0:03:41"]

1. e4 e5 2. Nf3 Nc6 3. Bb5 Nf6 4. d3 d6 5. O-O Be7 6. c3 O-O 7. Re1 h6 8. Nbd2
a6 9. Ba4 b5 10. Bc2 d5 11. d4 dxe4 12. Nxe4 exd4 13. Qd3 g6 14. Bxh6 Re8 15.
Nfg5 dxc3 16. Qxc3 Nd4 17. Bb3 Be6 18. Nxe6 Nxe6 19. Bxe6 fxe6 20. Rad1 1-0

[Event "Pardubice Open A"]
[Site "?"]
[Date "2015.07.30"]
[Round "7.34"]
[White "AKESSON, Ralf"]
[Black "BASHIRLI, Nail"]
[Result "1-0"]
[WhiteElo "2428"]
[BlackElo "2235"]
[PlyCount "77"]
[EventDate "2015.??.??"]
[WhiteClock "0:02:19"]
[BlackClock "0:01:23"]

1. Nf3 Nf6 2. c4 b6 3. Nc3 Bb7 4. d4 e6 5. a3 d5 6. Bg5 Be7 7. Qa4+ c6 8. Bxf6
Bxf6 9. cxd5 exd5 10. g3 O-O 11. Bg2 Nd7 12. O-O Re8 13. e3 Nf8 14. Rfd1 Ne6
15. b4 Re7 16. Rac1 Rd7 17. Ne2 a5 18. Qb3 axb4 19. axb4 Ba6 20. Re1 Bc4 21.
Rxc4 dxc4 22. Qxc4 Rc8 23. Rc1 c5 24. bxc5 Nxc5 25. Bh3 Rdc7 26. Bxc8 Qxc8 27.
Qb5 Nd7 28. Rxc7 Qxc7 29. Nf4 Nf8 30. Nd5 Qd6 31. Nxb6 g6 32. Nd5 Bg7 33. Qc5
Qa6 34. Ng5 Qa1+ 35. Kg2 Qa8 36. Kh3 Qe8 37. Qe7 Qc8+ 38. Kg2 Qf5 39. Qd8 1-0

[Event "Pardubice Open A"]
[Site "?"]
[Date "2015.07.30"]
[Round "7.35"]
[White "OKUN, Leonid"]
[Black "STELLA, Andrea"]
[Result "0-1"]
[WhiteElo "2277"]
[BlackElo "2427"]
[PlyCount "102"]
[EventDate "2015.??.??"]
[WhiteClock "0:12:39"]
[BlackClock "0:25:03"]

1. e4 c5 2. Nf3 e6 3. b3 d6 4. Bb2 Nc6 5. Bb5 Bd7 6. O-O Nf6 7. Bxc6 Bxc6 8. e5
Ng4 9. Na3 dxe5 10. Nc4 Bd6 11. d3 Bc7 12. h3 h5 13. Re1 Qf6 14. hxg4 hxg4 15.
Nfxe5 Qh6 16. Kf1 Bxg2+ 17. Ke2 b5 18. Rg1 Bf3+ 19. Nxf3 gxf3+ 20. Ke1 bxc4 21.
Qxf3 Rd8 22. Bxg7 Ba5+ 23. Kf1 Qh3+ 24. Qxh3 Rxh3 25. bxc4 Kd7 26. Rb1 Bb6 27.
a4 Kc6 28. Bc3 a6 29. Ke2 Rh5 30. Rg7 Rd7 31. Rg8 Rb7 32. Ra8 Ra7 33. Re8 Rf5
34. Rh8 Bc7 35. Rh3 Ra8 36. Rf3 Rxf3 37. Kxf3 Rg8 38. Rh1 Rg5 39. Rh7 Rf5+ 40.
Ke2 Bd6 41. Rh3 Rg5 42. Rf3 f5 43. Rh3 Rg1 44. Be1 f4 45. Rf3 Rh1 46. a5 e5 47.
Bd2 Bc7 48. Be1 Kd7 49. d4 e4 50. Ra3 f3+ 51. Kd1 cxd4 0-1

[Event "Pardubice Open A"]
[Site "?"]
[Date "2015.07.30"]
[Round "7.36"]
[White "GAGARE, Shardul"]
[Black "XYLOGIANNOPOULOS, Antonios"]
[Result "1-0"]
[WhiteElo "2425"]
[BlackElo "2153"]
[PlyCount "91"]
[EventDate "2015.??.??"]
[WhiteClock "0:05:47"]
[BlackClock "0:07:52"]

1. d4 d5 2. c4 c6 3. Nc3 Nf6 4. e3 a6 5. Nf3 Bf5 6. Be2 h6 7. O-O e6 8. Bd3
Bxd3 9. Qxd3 Bb4 10. Bd2 O-O 11. a3 Bxc3 12. Bxc3 dxc4 13. Qxc4 Qd5 14. Qe2 Ne4
15. Nd2 Nxd2 16. Bxd2 Nd7 17. Bb4 Rfe8 18. e4 Qg5 19. Rad1 Nf6 20. Rd3 Qb5 21.
Rfd1 Rad8 22. Qe3 e5 23. f3 Qb6 24. Qf2 Qb5 25. Qd2 exd4 26. Rxd4 Qb6 27. Qf2
Rxd4 28. Qxd4 Qxd4+ 29. Rxd4 b6 30. Bc3 Kf8 31. Kf2 Re6 32. Rd8+ Re8 33. Bxf6
gxf6 34. Rxe8+ Kxe8 35. b4 Kd7 36. Ke3 a5 37. bxa5 b5 38. g4 c5 39. h4 Kc6 40.
f4 b4 41. axb4 cxb4 42. Kd3 Kb5 43. h5 Kxa5 44. Kc2 Ka4 45. Kb2 f5 46. exf5 1-0

[Event "Pardubice Open A"]
[Site "?"]
[Date "2015.07.30"]
[Round "7.37"]
[White "MINKO, Vladimir"]
[Black "ZUMSANDE, Martin"]
[Result "1/2-1/2"]
[WhiteElo "2226"]
[BlackElo "2423"]
[PlyCount "42"]
[EventDate "2015.??.??"]
[WhiteClock "0:31:16"]
[BlackClock "0:17:25"]

1. d4 e6 2. c4 d5 3. Nf3 Nf6 4. g3 Bb4+ 5. Bd2 a5 6. Bg2 dxc4 7. O-O O-O 8. Bg5
Nc6 9. a3 Be7 10. Nc3 Rb8 11. e4 b5 12. d5 Na7 13. Be3 Rb7 14. Bxa7 Rxa7 15.
Nxb5 Rb7 16. Nfd4 Bd7 17. a4 e5 18. Nc6 Bxc6 19. dxc6 Rb6 20. Qc2 Rxc6 21. Qc3
Bb4 1/2-1/2

[Event "Pardubice Open A"]
[Site "?"]
[Date "2015.07.30"]
[Round "7.38"]
[White "KAROUSOS-THEODORAKIS, Nikolaos"]
[Black "NEUMAN, Petr"]
[Result "0-1"]
[WhiteElo "2073"]
[BlackElo "2470"]
[PlyCount "76"]
[EventDate "2015.??.??"]
[WhiteClock "0:03:43"]
[BlackClock "0:21:02"]

1. e4 g6 2. d4 Bg7 3. Nc3 d6 4. f4 a6 5. Nf3 b5 6. a3 Bb7 7. Bd3 Nd7 8. Be3 c5
9. dxc5 Nxc5 10. Bxc5 Bxc3+ 11. bxc3 dxc5 12. e5 Qa5 13. O-O c4 14. Be2 Qxc3
15. Qd4 Qxd4+ 16. Nxd4 e6 17. a4 b4 18. Bxc4 Ne7 19. a5 O-O-O 20. Rfd1 Rd7 21.
Nf3 Rhd8 22. Rd3 Nd5 23. Bxd5 Rxd5 24. Rxd5 Rxd5 25. Rb1 Rxa5 26. Rxb4 Bxf3 27.
gxf3 Rc5 28. Ra4 Kb7 29. Rb4+ Kc6 30. Rb2 Rc4 31. Kf2 Rxf4 32. Ke3 g5 33. c3 a5
34. Rd2 a4 35. Rg2 h6 36. Rd2 Kb5 37. Kd3 Rxf3+ 38. Kc2 Rf5 0-1

[Event "Pardubice Open A"]
[Site "?"]
[Date "2015.07.30"]
[Round "7.39"]
[White "STUPAK, Kirill"]
[Black "KOTLYAR, Kirill"]
[Result "1-0"]
[WhiteElo "2547"]
[BlackElo "2330"]
[PlyCount "77"]
[EventDate "2015.??.??"]
[WhiteClock "0:03:39"]
[BlackClock "0:01:10"]

1. d4 Nf6 2. g3 g6 3. Bg2 d5 4. c4 c6 5. Qa4 Bg7 6. cxd5 Nxd5 7. Nf3 Bg4 8. Qb3
Qb6 9. Nbd2 O-O 10. a3 Nd7 11. e4 Bxf3 12. Bxf3 Nc7 13. Qxb6 Nxb6 14. Nb3 Rfd8
15. Be3 Nb5 16. e5 Nc4 17. Be2 Nxb2 18. a4 Nc3 19. a5 Nxe2 20. Kxe2 b5 21. Rhc1
Rac8 22. a6 Nc4 23. Na5 Nxa5 24. Rxa5 Rd5 25. Ra2 c5 26. dxc5 Bxe5 27. f4 Bf6
28. Rb1 e5 29. Rxb5 exf4 30. gxf4 Re8 31. Rb3 g5 32. Kf3 gxf4 33. Bf2 Re6 34.
c6 Rxc6 35. Bxa7 Rh5 36. Rb1 Rc3+ 37. Kg2 f3+ 38. Kf1 Rd5 39. Bb6 1-0

[Event "Pardubice Open A"]
[Site "?"]
[Date "2015.07.30"]
[Round "7.40"]
[White "NAKAR, Eylon"]
[Black "MAMMADZADA, Gunay"]
[Result "1/2-1/2"]
[WhiteElo "2479"]
[BlackElo "2320"]
[PlyCount "175"]
[EventDate "2015.??.??"]
[WhiteClock "0:00:56"]
[BlackClock "0:10:56"]

1. d4 d5 2. c4 c6 3. Nf3 Nf6 4. e3 Bf5 5. Nc3 e6 6. Nh4 Be4 7. f3 Bg6 8. Qb3
Qc7 9. Bd2 Be7 10. cxd5 cxd5 11. Nxg6 hxg6 12. O-O-O Nc6 13. Kb1 Rb8 14. Rc1 a6
15. g3 O-O 16. Bd3 b5 17. Ne2 Qd7 18. g4 e5 19. g5 Nh5 20. h4 Rfc8 21. Rhg1
exd4 22. exd4 Qd6 23. Rc5 Qe6 24. Rcc1 Rb6 25. Rgf1 a5 26. a4 Bb4 27. Bxb4 Nxb4
28. Rxc8+ Qxc8 29. Rc1 Qe8 30. axb5 Re6 31. b6 Rxb6 32. Rc5 Re6 33. Nc1 Nf4 34.
Bb5 Qe7 35. Qc3 Re3 36. Rc8+ Kh7 37. Re8 Rxc3 38. Rxe7 Rxf3 39. Rxf7 Kg8 40.
Ra7 Rh3 41. Rxa5 Rh2 42. Ra4 Nc2 43. Nd3 Ne2 44. Ra8+ Kh7 45. Bc6 Rh1+ 46. Kxc2
Nxd4+ 47. Kd2 Nxc6 48. Rc8 Ne7 49. Re8 Nc6 50. Rc8 Ne7 51. Re8 Nc6 52. Rc8 Ne7
53. Rc7 Nf5 54. b4 Rxh4 55. b5 Nd6 56. b6 Nc4+ 57. Rxc4 dxc4 58. b7 Rd4 59.
b8=Q Rxd3+ 60. Kc2 Rd5 61. Qh2+ Kg8 62. Qc7 Kh7 63. Qh2+ Kg8 64. Qf4 Rf5 65.
Qxc4+ Kh7 66. Qh4+ Kg8 67. Kd3 Rf3+ 68. Ke4 Rf5 69. Ke3 Rf8 70. Kd4 Rf5 71. Ke4
Kf7 72. Qg3 Kg8 73. Qh4 Kf7 74. Qh3 Kg8 75. Qg3 Kh7 76. Qh3+ Kg8 77. Qd3 Kh8
78. Qd6 Kh7 79. Qd8 Re5+ 80. Kd4 Rf5 81. Qe7 Kg8 82. Qe3 Kh7 83. Ke4 Kg8 84.
Qg3 Kh7 85. Qh3+ Kg8 86. Qh4 Kf7 87. Qh3 Kg8 88. Qg4 1/2-1/2

[Event "Pardubice Open A"]
[Site "?"]
[Date "2015.07.30"]
[Round "7.41"]
[White "BIOLEK, Richard Jr"]
[Black "KOCHETKOVA, Julia"]
[Result "1-0"]
[WhiteElo "2457"]
[BlackElo "2309"]
[PlyCount "47"]
[EventDate "2015.??.??"]
[WhiteClock "0:23:06"]
[BlackClock "0:38:25"]

1. e4 e5 2. Nf3 Nc6 3. Bc4 Nf6 4. d3 Be7 5. O-O O-O 6. Re1 d6 7. a4 Na5 8. Ba2
c5 9. Nbd2 Nc6 10. c3 h6 11. d4 cxd4 12. cxd4 exd4 13. Nb3 d3 14. Bb1 Ne5 15.
Bxd3 Nxd3 16. Qxd3 Nd7 17. Bf4 Nc5 18. Qe3 Qb6 19. Nbd4 Re8 20. Nb5 Qd8 21.
Red1 Bd7 22. Bxd6 Qb6 23. Qxc5 Bxb5 24. Qxb5 1-0

[Event "Pardubice Open A"]
[Site "?"]
[Date "2015.07.30"]
[Round "7.42"]
[White "JANZELJ, Tim"]
[Black "CERNOUSEK, Lukas"]
[Result "0-1"]
[WhiteElo "2312"]
[BlackElo "2455"]
[PlyCount "74"]
[EventDate "2015.??.??"]
[WhiteClock "0:12:21"]
[BlackClock "0:01:03"]

1. e4 c6 2. d4 d5 3. exd5 cxd5 4. Bf4 Nc6 5. c3 Bf5 6. Qb3 Qd7 7. Nf3 f6 8. Bb5
g5 9. Be3 a6 10. Be2 e6 11. Nbd2 Bd6 12. c4 Nge7 13. Rc1 Rc8 14. c5 Bb8 15. h3
h5 16. Nb1 Ng6 17. g3 Kf7 18. Nc3 g4 19. Nh2 Nge7 20. Na4 Rcg8 21. Nb6 Qd8 22.
h4 Be4 23. O-O Nf5 24. Na4 Qc7 25. Bf4 Ncxd4 26. Qd1 Qd8 27. Bxb8 Nxe2+ 28.
Qxe2 Qxb8 29. Rc3 Nxh4 30. c6 Nf3+ 31. Nxf3 gxf3 32. Qe1 bxc6 33. Rb3 Qa7 34.
Rb6 h4 35. Qb4 hxg3 36. fxg3 Rb8 37. Rc1 Rh1+ 0-1

[Event "Pardubice Open A"]
[Site "?"]
[Date "2015.07.30"]
[Round "7.43"]
[White "SIMACEK, Pavel"]
[Black "SABOL, Marian"]
[Result "1-0"]
[WhiteElo "2454"]
[BlackElo "2312"]
[PlyCount "45"]
[EventDate "2015.??.??"]
[WhiteClock "0:54:37"]
[BlackClock "0:38:32"]

1. e4 c5 2. Nc3 d6 3. f4 Nc6 4. Nf3 g6 5. g3 Bg7 6. Bg2 e6 7. d3 Nge7 8. O-O
O-O 9. Be3 b6 10. d4 Ba6 11. Rf2 cxd4 12. Nxd4 Na5 13. f5 Nc4 14. Bc1 exf5 15.
exf5 Nxf5 16. Rxf5 gxf5 17. Nxf5 Ne5 18. Qh5 Qd7 19. Nd5 Bb7 20. Bh6 Bxd5 21.
Bxg7 Bxg2 22. Bf6 Qc6 23. Nh6# 1-0

[Event "Pardubice Open A"]
[Site "?"]
[Date "2015.07.30"]
[Round "7.44"]
[White "GARCIA ROMAN, Daniel"]
[Black "PALCHUN, Grigory"]
[Result "0-1"]
[WhiteElo "2420"]
[BlackElo "2306"]
[PlyCount "164"]
[EventDate "2015.??.??"]
[WhiteClock "0:01:01"]
[BlackClock "0:11:48"]

1. d4 Nf6 2. c4 e6 3. Nc3 Bb4 4. Nf3 Nc6 5. Qc2 d6 6. a3 Bxc3+ 7. Qxc3 Qe7 8.
b4 e5 9. dxe5 Nxe5 10. Nxe5 dxe5 11. Bb2 Nd7 12. g3 O-O 13. Bg2 Re8 14. c5 c6
15. O-O f6 16. Rad1 Nf8 17. Rd6 Ne6 18. Qc4 Kh8 19. a4 a6 20. Rfd1 Nc7 21. Qh4
Bf5 22. g4 Bg6 23. R1d2 Nd5 24. Bxd5 cxd5 25. R2xd5 Be4 26. Rd2 Bc6 27. a5 Qf7
28. g5 Qg6 29. f3 h6 30. Kf2 Qxg5 31. Qxg5 hxg5 32. e4 Kg8 33. Kg3 Kf7 34. h4
gxh4+ 35. Kxh4 Rh8+ 36. Kg3 Rh1 37. Rh2 Rh8 38. Rxh8 Rxh8 39. Kg2 g5 40. Kg3
Rg8 41. Kg4 Ke7 42. Bc3 Rh8 43. Kg3 Rh1 44. Bd2 Rg1+ 45. Kf2 Rb1 46. Kg3 Rb3
47. Kf2 Be8 48. Be3 Rxb4 49. Rb6 Rb5 50. Bd2 Bc6 51. Ke3 Kf7 52. Bb4 Kg6 53.
Kd3 g4 54. fxg4 Kg5 55. Ke3 Kxg4 56. Rxb5 axb5 57. Be1 f5 58. exf5 Kxf5 59. Bf2
b4 60. Be1 b3 61. Kd3 Ke6 62. Kc3 Bd5 63. Bg3 e4 64. a6 bxa6 65. c6 a5 66. c7
Kd7 67. Bf4 a4 68. Kb2 Bc6 69. Ka3 Kc8 70. Kb2 Kb7 71. Kc3 Bd7 72. Kb2 Kc6 73.
Ka3 Kb5 74. Kb2 Kc4 75. Bd2 Kd3 76. Be1 Ke2 77. Bc3 e3 78. Ka3 Kd3 79. Kb2 Ke2
80. Ka3 Kd1 81. c8=Q Bxc8 82. Kxa4 Kc2 0-1

[Event "Pardubice Open A"]
[Site "?"]
[Date "2015.07.30"]
[Round "7.45"]
[White "MICHENKA, Jozef"]
[Black "VOGEL, Roven"]
[Result "0-1"]
[WhiteElo "2323"]
[BlackElo "2420"]
[PlyCount "94"]
[EventDate "2015.??.??"]
[WhiteClock "0:03:59"]
[BlackClock "0:33:16"]

1. d4 g6 2. c4 Bg7 3. e4 d6 4. Nc3 e5 5. d5 Ne7 6. Bd3 Nd7 7. f3 f5 8. Nh3 c5
9. Nf2 O-O 10. g4 fxg4 11. fxg4 g5 12. Bxg5 h6 13. Be3 Ng6 14. Qd2 a6 15. O-O-O
Qh4 16. Rdg1 Kh7 17. Nfd1 Bf6 18. g5 Bxg5 19. Bxg5 hxg5 20. Rxg5 Nf6 21. Rhg1
Nf4 22. Be2 Bd7 23. Qe3 Rf7 24. Nf2 Kh8 25. Bd1 Qxf2 26. Qg3 Qxg3 27. hxg3 Nh3
28. Rh1 Nh7 29. Rh5 Nf2 30. R1h2 Nxd1 31. Nxd1 Bg4 32. Rh6 Bxd1 33. Kxd1 Rd7
34. Ke2 Rg8 35. R2h3 Rf8 36. a4 Rff7 37. a5 Kg8 38. Rg6+ Rg7 39. Rhh6 Rxg6 40.
Rxg6+ Kf7 41. Rh6 Kg7 42. Rh5 Nf6 43. Rh4 b6 44. axb6 Rb7 45. Kd3 Rxb6 46. Kc3
a5 47. b3 Rb4 0-1

[Event "Pardubice Open A"]
[Site "?"]
[Date "2015.07.30"]
[Round "7.46"]
[White "TYMRAKIEWICZ, Rafal"]
[Black "ROEDER, Matthias"]
[Result "0-1"]
[WhiteElo "2306"]
[BlackElo "2411"]
[PlyCount "82"]
[EventDate "2015.??.??"]
[WhiteClock "0:01:23"]
[BlackClock "0:21:06"]

1. d4 Nf6 2. Nf3 d5 3. Bg5 Ne4 4. Bf4 c5 5. dxc5 Nc6 6. Nbd2 Nxc5 7. e3 f6 8.
Be2 e5 9. Bg3 Be6 10. O-O Be7 11. c3 a5 12. Bb5 O-O 13. Qe2 Na7 14. Rfd1 Qb6
15. a4 Nxb5 16. Qxb5 Qxb5 17. axb5 Bg4 18. h3 Bh5 19. Bh2 Rfd8 20. g4 Be8 21.
Ne1 Bxb5 22. f4 d4 23. exd4 exd4 24. c4 Ba4 25. Rdc1 d3 26. Rc3 f5 27. g5 Bc6
28. Rd1 Ne4 29. Rxd3 Bc5+ 30. Kf1 Nf2 31. Nb3 Nxd3 32. Rxd3 Bb4 33. Nd4 Be4 34.
Rd1 Rac8 35. b3 a4 36. bxa4 Rxc4 37. Bg1 Bc5 38. Ne6 Rxd1 39. Bxc5 Bd5 40. Ke2
Rxe1+ 41. Kxe1 Bxe6 0-1

[Event "Pardubice Open A"]
[Site "?"]
[Date "2015.07.30"]
[Round "7.47"]
[White "MANIK, Mikulas"]
[Black "JEDLICKA, Ales"]
[Result "1/2-1/2"]
[WhiteElo "2408"]
[BlackElo "2299"]
[PlyCount "61"]
[EventDate "2015.??.??"]
[WhiteClock "0:12:41"]
[BlackClock "0:30:39"]

1. e4 c5 2. Nf3 Nc6 3. Bb5 g6 4. O-O Bg7 5. Re1 Nf6 6. c3 O-O 7. h3 d6 8. d4
cxd4 9. cxd4 Bd7 10. Nc3 a6 11. Ba4 b5 12. Bb3 b4 13. Nd5 Nxd5 14. Bxd5 e6 15.
Bb3 Na5 16. Bc2 Rc8 17. Bd3 Qb6 18. b3 Bb5 19. Be3 Qb7 20. Bxb5 Qxb5 21. Qd2
Rc3 22. Bh6 Rd3 23. Qc1 Rc3 24. Qd2 Rd3 25. Qc1 Rc3 26. Qf4 e5 27. Qh4 f6 28.
Bxg7 Kxg7 29. Qg4 Nc6 30. Rad1 Rxf3 31. Qxf3 1/2-1/2

[Event "Pardubice Open A"]
[Site "?"]
[Date "2015.07.30"]
[Round "7.48"]
[White "TOMAZINI, Aljosa"]
[Black "LOKANDER, Martin"]
[Result "1/2-1/2"]
[WhiteElo "2309"]
[BlackElo "2403"]
[PlyCount "164"]
[EventDate "2015.??.??"]
[WhiteClock "0:02:43"]
[BlackClock "1:24:05"]

1. d4 Nf6 2. Nf3 c5 3. d5 e6 4. c4 exd5 5. cxd5 d6 6. Nc3 g6 7. Bf4 Bg7 8. Qa4+
Bd7 9. Qb3 b5 10. Bxd6 c4 11. Qd1 Bf5 12. Be5 Nbd7 13. Bd4 b4 14. e4 bxc3 15.
exf5 cxb2 16. Qe2+ Kf8 17. Qxb2 Qa5+ 18. Qd2 Re8+ 19. Be2 Qxd2+ 20. Nxd2 Nxd5
21. Bxg7+ Kxg7 22. Nxc4 Ne5 23. Kf1 gxf5 24. Nd6 Rd8 25. Nxf5+ Kf6 26. Ne3
Nxe3+ 27. fxe3 Rd2 28. Ke1 Rb2 29. Rf1+ Kg7 30. Rf4 Rd8 31. Rd4 Rxd4 32. exd4
Nc6 33. Rd1 Rxa2 34. d5 Nd8 35. Rb1 Ra5 36. Bf3 Ra6 37. Rb8 Rd6 38. Kf2 Kf6 39.
Ke3 Rd7 40. Ke4 Ke7 41. Bg4 Rd6 42. Rc8 Kf6 43. Rc7 Rb6 44. Bc8 Rb4+ 45. Kd3 a5
46. Rd7 Rb8 47. Rxd8 Ke7 48. Rd7+ Ke8 49. Rc7 Kd8 50. Rxf7 Kxc8 51. Rxh7 Rb2
52. g4 a4 53. Ra7 Rb4 54. h3 Kd8 55. Kc3 Rf4 56. Rh7 a3 57. Kb3 Rf3+ 58. Ka2
Rg3 59. Ra7 Rxh3 60. Rxa3 Rh2+ 61. Kb3 Rg2 62. Ra4 Kd7 63. Rd4 Kd6 64. Kc4 Ra2
65. Re4 Ra4+ 66. Kd3 Ra1 67. Ke2 Kxd5 68. Re8 Ra3 69. Kf2 Kd6 70. Kg2 Kd7 71.
Re1 Rb3 72. Kf2 Ra3 73. Re5 Kd6 74. Re4 Kd7 75. Re1 Rb3 76. g5 Rb5 77. Rg1 Ke7
78. Kf3 Rb4 79. g6 Kf8 80. g7+ Kg8 81. Rg4 Rxg4 82. Kxg4 Kxg7 1/2-1/2

[Event "Pardubice Open A"]
[Site "?"]
[Date "2015.07.30"]
[Round "7.49"]
[White "KRAUS, Tomas"]
[Black "HANSEN, Mads"]
[Result "1/2-1/2"]
[WhiteElo "2399"]
[BlackElo "2296"]
[PlyCount "171"]
[EventDate "2015.??.??"]
[WhiteClock "0:10:59"]
[BlackClock "0:02:27"]

1. e4 e5 2. Nf3 Nc6 3. d4 exd4 4. Nxd4 Nf6 5. Nxc6 bxc6 6. Bd3 d5 7. e5 Ng4 8.
O-O Bc5 9. Bf4 g5 10. Bg3 h5 11. Be2 Rb8 12. Nd2 Qe7 13. Nb3 Be6 14. Rc1 Nh6
15. Bxh5 g4 16. Bf4 Rb4 17. c4 Bb6 18. Qd2 Rxc4 19. Bxh6 Qh4 20. Rxc4 Qxh5 21.
Rc3 Rxh6 22. Qf4 g3 23. Qxg3 Bf5 24. Qf4 d4 25. Rf3 Bg4 26. Rd3 c5 27. Rc1 c4
28. Rxc4 Be2 29. Rcxd4 Bxd3 30. Rxd3 Qe2 31. h4 Bxf2+ 32. Qxf2 Qxd3 33. Nc5
Qd1+ 34. Kh2 Qg4 35. g3 Rc6 36. a3 a5 37. Qe3 a4 38. Kg2 Qc4 39. Nd3 Qd5+ 40.
Kh3 Qh1+ 41. Kg4 Qd1+ 42. Qf3 Rc4+ 43. Nf4 Qd7+ 44. Kg5 Rc5 45. Qe4 Qd6 46. Kf5
Ke7 47. h5 Qf6+ 48. Kg4 Qxe5 49. Qxa4 Qg7+ 50. Kh4 Qxb2 51. Qe4+ Qe5 52. Qb4
Ke8 53. Qb8+ Kd7 54. Qb3 Qg5+ 55. Kh3 Qf5+ 56. Kh4 Rc2 57. Qa4+ Ke7 58. Qb4+
Kd8 59. Qd4+ Ke8 60. Qa4+ Kf8 61. Qb4+ Kg8 62. g4 Qf6+ 63. g5 Qf5 64. Qd4 Rc1
65. Qd8+ Kg7 66. Qd4+ f6 67. h6+ Kh7 68. gxf6 Rf1 69. Nh3 Qxf6+ 70. Qxf6 Rxf6
71. Kg5 Rf3 72. Nf4 c5 73. Kf5 Re3 74. Nd5 Rxa3 75. Ke5 Rd3 76. Nf4 Rd2 77. Ke4
Kxh6 78. Ke3 Rd4 79. Ne6 Rd5 80. Ke4 Rh5 81. Kd3 Re5 82. Nc7 Kg5 83. Kc4 Kf5
84. Na6 Ke6 85. Nxc5+ Rxc5+ 86. Kxc5 1/2-1/2

[Event "Pardubice Open A"]
[Site "?"]
[Date "2015.07.30"]
[Round "7.50"]
[White "JASNY, Stanislav"]
[Black "MACHAN, Jan"]
[Result "1/2-1/2"]
[WhiteElo "2395"]
[BlackElo "2286"]
[PlyCount "37"]
[EventDate "2015.??.??"]
[WhiteClock "0:19:18"]
[BlackClock "0:44:02"]

1. d4 Nf6 2. c4 g6 3. Nc3 d5 4. cxd5 Nxd5 5. e4 Nxc3 6. bxc3 Bg7 7. Bc4 c5 8.
Ne2 Nc6 9. Be3 cxd4 10. cxd4 Qa5+ 11. Bd2 Qa3 12. O-O O-O 13. Rb1 Qd6 14. Bf4
Qd8 15. Be3 b6 16. f4 e6 17. e5 Bb7 18. Qa4 Na5 19. Bd3 1/2-1/2

[Event "Pardubice Open A"]
[Site "?"]
[Date "2015.07.30"]
[Round "7.51"]
[White "MARTYNOV, Pavel"]
[Black "TSAKNAKIS, Zisis"]
[Result "1-0"]
[WhiteElo "2385"]
[BlackElo "2235"]
[PlyCount "79"]
[EventDate "2015.??.??"]
[WhiteClock "0:01:52"]
[BlackClock "0:21:37"]

1. d4 Nf6 2. c4 g6 3. Nc3 Bg7 4. e4 d6 5. Be2 O-O 6. g4 c5 7. d5 e6 8. g5 Ne8
9. h4 Nc7 10. a4 exd5 11. cxd5 Qe7 12. Qd3 Nba6 13. Bf4 Nb4 14. Qd2 f5 15. gxf6
Bxf6 16. Bh6 Rf7 17. f3 Bxh4+ 18. Kd1 g5 19. f4 Rxf4 20. Rxh4 Rxh4 21. Bxg5 Qg7
22. Bxh4 Qxg1+ 23. Qe1 Qd4+ 24. Kc1 Qe3+ 25. Qd2 Qg1+ 26. Nd1 Qg6 27. Ra3 h5
28. Rg3 Bg4 29. Nf2 Kh7 30. Nxg4 hxg4 31. Rxg4 Qf7 32. Bg3 Qf6 33. Bxd6 Ne8 34.
Bg3 Ng7 35. d6 Qe6 36. Qg5 Na2+ 37. Kb1 Nc3+ 38. Kc2 Qd7 39. Rh4+ Kg8 40. Bc4+
1-0

[Event "Pardubice Open A"]
[Site "?"]
[Date "2015.07.30"]
[Round "7.52"]
[White "MOEHN, Hans"]
[Black "PFEFFER, Ruprecht"]
[Result "1-0"]
[WhiteElo "2372"]
[BlackElo "2232"]
[PlyCount "95"]
[EventDate "2015.??.??"]
[WhiteClock "0:08:27"]
[BlackClock "0:17:23"]

1. d4 Nf6 2. Nf3 g6 3. c4 d5 4. cxd5 Nxd5 5. e4 Nb6 6. Be2 Bg7 7. O-O Bg4 8.
Nbd2 O-O 9. h3 Bd7 10. Nb3 Na4 11. Qc2 b6 12. e5 a5 13. Bf4 Na6 14. a3 Bf5 15.
Qd2 Qd7 16. Nc1 b5 17. b3 Nb6 18. Rd1 Nd5 19. Bh6 b4 20. Bxg7 Kxg7 21. Bxa6
Rxa6 22. axb4 Nxb4 23. Na2 Nxa2 24. Rxa2 Qd5 25. Qc3 Rc6 26. Rxa5 Rxc3 27. Rxd5
Be4 28. Rc5 Bxf3 29. gxf3 Rxf3 30. Rxc7 e6 31. Rb1 Rxh3 32. b4 Rb8 33. d5 exd5
34. e6 Rf3 35. b5 Rf6 36. Re1 Kf8 37. b6 fxe6 38. b7 Kg8 39. Rec1 Rff8 40. R1c6
e5 41. Rd7 Rfe8 42. Rcc7 d4 43. Rg7+ Kh8 44. Rxh7+ Kg8 45. Rhg7+ Kh8 46. Rge7
Red8 47. Rcd7 e4 48. Rxd8+ 1-0